000 00304nam a22001217a 4500
020 _a9789383305568
082 _a551.6
_bKAT/AG
100 _aKathiresan,G
_9921
245 _aAgrometeorology: A Simplified Textbook
260 _aNew India Publishing Agency
_bNew Delhi
_c2015
300 _a182
942 _cBK
999 _c14528
_d14528